S.L. Benfica Squad 2019-20 - Statistics

General Stats
  • This quiz has been taken 94 times
  • The average score is 19 of 26
Answer Stats
Squad Number Position Nationality Player % Correct
3 LB Spanish Álex Grimaldo
96%
99 GK Greek Odysseas Vlachodimos
94%
14 ST Swiss Haris Seferović
90%
6 CB Portuguese Rúben Dias
90%
27 AM Portuguese Rafa Silva
82%
1 GK Belgian Mile Svilar
81%
21 CM Portuguese Pizzi
81%
34 RB Portuguese André Almeida
80%
- Manager Portuguese Bruno Lage
80%
49 AM Moroccan Adel Taarabt
78%
97 CB Portuguese Ferro
78%
95 ST Brazilian Carlos Vinícius
77%
11 LM Argentine Franco Cervi
76%
8 CM Brazilian Gabriel
76%
28 DM German Julian Weigl
76%
17 LM Serbian Andrija Živković
75%
33 CB Brazilian Jardel
75%
61 DM Portuguese Florentino Luís
73%
22 DM Greek Andreas Samaris
72%
72 GK Russian Ivan Zlobin
68%
71 LB Portuguese Nuno Tavares
66%
84 RB Portuguese Tomás Tavares
62%
19 AM Portuguese Chiquinho
49%
73 RM Portuguese Jota
48%
92 AM Portuguese David Tavares
47%
20 CF Portuguese Dyego Sousa
27%
No matching quizzes found
Score Distribution
Percent of People with Each Score
Percentile by Number Answered
Your Score History
You have not taken this quiz